| 000 | 00808nam a2200181Ia 4500 | ||
|---|---|---|---|
| 008 | 0000001999 sp a 0000000000spa00 | ||
| 020 | _a8492313455 | ||
| 090 | _aPSP00 D24 | ||
| 245 | 1 | 0 |
_aDel romanticismo al novecentismo _b: cien años de pintura española _c/ Fundación Santander Central Hispano |
| 300 |
_a97 p. _c/ 30 cm. |
||
| 500 | _aExposición realizada en el Instituto de América de Santa Fé, Octubre Noviembre, 1999 \ Con el patronazgo del maestro venezolano Jesús Rafael Soto (q.e.p.d.) | ||
| 610 |
_a BANCO SANTANDER CENTRAL HISPANO/ _xCOLECCIONES DE ARTE |
||
| 650 | 1 | 4 | _a PINTURA MODERNA ESPAÑOLA |
| 650 | 1 | 4 | _aCOLECCIONES PRIVADAS DE ARTE ESPAÑA |
| 650 | 1 | 4 | _xEXPOSICIONES |
| 650 | 1 | 4 | _aSIGLOS XIXXX |
| 999 |
_c402 _d402 |
||
| 260 |
_aGranada : Instituto de América de Santa Fe _c1999 |
||